Statistiques concernant Devinez l'État Américain Mystère #15

Cliquez ici pour prendre le quiz!

Statistiques générales

  • Ce quiz a été pris 139 fois
  • Le résultat moyen est 30 sur 35

Statistiques - réponses

Type de RéponseRéponse% Correct
Lettre TrouvéeA
100%
Lettre de l'AlphabetI
100%
Lettre de l'AlphabetN
100%
Lettre de l'AlphabetE
99%
Lettre TrouvéeL
99%
Lettre TrouvéeO
99%
Lettre de l'AlphabetS
99%
Lettre de l'AlphabetC
98%
Lettre de l'AlphabetR
98%
Lettre TrouvéeM
96%
Lettre de l'AlphabetD
95%
Lettre de l'AlphabetW
93%
Lettre de l'AlphabetF
92%
Lettre de l'AlphabetT
92%
Lettre de l'AlphabetG
91%
Lettre TrouvéeH
91%
Lettre de l'AlphabetU
89%
Lettre de l'AlphabetY
88%
Lettre Bien PlacéeL
86%
Lettre TrouvéeK
84%
Lettre de l'AlphabetB
83%
Lettre de l'AlphabetV
83%
Lettre de l'AlphabetP
80%
Lettre Bien PlacéeA
78%
Lettre de l'AlphabetX
77%
Lettre Bien PlacéeO
76%
Lettre de l'AlphabetZ
73%
Lettre Bien PlacéeA
72%
Lettre de l'AlphabetJ
70%
Lettre de l'AlphabetQ
70%
Lettre Bien PlacéeH
68%
Lettre Bien PlacéeK
68%
Lettre Bien PlacéeM
68%
Lettre Bien PlacéeO
68%
État MystèreOklahoma
68%

Distribution des résultats

Percentile par nombre de réponses

% des personnes avec chaque résultat

Votre développement - résultats

Vous n’avez pas pris ce quiz